ბათუმის შოთა რუსთაველის სახელმწიფო უნივერსიტეტის ბიბლიოთეკა

მეტყევეობის საფუძვლები. (ბიბ.ჩანაწერი № 35414)

000 -LEADER
fixed length control field 00891nam a2200241Ia 4500
001 - CONTROL NUMBER
control field 1269
003 - CONTROL NUMBER IDENTIFIER
control field GE_BSU
008 - FIXED-LENGTH DATA ELEMENTS--GENERAL INFORMATION
fixed length control field 181216s||||||||xx |||||||||||||| ||und||
040 ## - CATALOGING SOURCE
Transcribing agency GE_BSU
080 ## - UNIVERSAL DECIMAL CLASSIFICATION NUMBER
Universal Decimal Classification number 630(075.8)
100 ## - MAIN ENTRY--PERSONAL NAME
Personal name დარახველიძე, ვ, მეტრეველი პ, ჩიხლაძე ლ.
245 ## - TITLE STATEMENT
Title მეტყევეობის საფუძვლები.
245 ## - TITLE STATEMENT
Remainder of title სასოფლო სამეურნეო ინსტიტუტის სტუდენტებისათვის.
250 ## - EDITION STATEMENT
Edition statement 2-ე შესწ.
260 ## - PUBLICATION, DISTRIBUTION, ETC.
Place of publication, distribution, etc. თბილისი.
260 ## - PUBLICATION, DISTRIBUTION, ETC.
Name of publisher, distributor, etc. განათლება.
260 ## - PUBLICATION, DISTRIBUTION, ETC.
Date of publication, distribution, etc. 1965.
300 ## - PHYSICAL DESCRIPTION
Extent 364 გვ.20 სმ.
653 ## - INDEX TERM--UNCONTROLLED
Uncontrolled term მეტყევეობა.
653 ## - INDEX TERM--UNCONTROLLED
Uncontrolled term მეტყევეობის საფუძვლები.
942 ## - ADDED ENTRY ELEMENTS (KOHA)
Koha item type წიგნი
ეგზემპლარები
Withdrawn status Lost status Damaged status Not for loan Date acquired Barcode Date last seen Price effective from Koha item type
        2018-12-17 2704 2018-12-17 2018-12-17 წიგნი